| 000 | 00607cam a22002294a 4500 | ||
|---|---|---|---|
| 003 | UPN | ||
| 005 | 20240924071102.0 | ||
| 008 | 090203s2005 mx r 000 f spa d | ||
| 020 | _a9702407990 | ||
| 035 | _aUPN01000168673 | ||
| 040 |
_aUPN _bspa _cUPN |
||
| 049 | _aCG | ||
| 050 | 4 |
_aPQ7390 CH3.8 _bA2.7a |
|
| 100 | 1 |
_aChaviano, Daína, _d1957- _932459 |
|
| 245 | 1 | 3 |
_aEl abrevadero de los dinosaurios / _cDaína Chaviano. |
| 260 |
_aMéxico : _bNueva Imagen, _c2005. |
||
| 300 | _a183 p. | ||
| 490 | 0 | _aGrandes autores | |
| 650 | 2 |
_aLiteratura cubana _96053 |
|
| 905 | _aLibro | ||
| 942 |
_2lcc _cLIBRO |
||
| 999 |
_c140779 _d140779 |
||